书目信息 |
| 题名: |
电力系统微机继电保护
|
|
| 作者: | 许建安 编著 | |
| 分册: | ||
| 出版信息: | 北京 中国水利水电出版社 2008.07 |
|
| 页数: | 256页 | |
| 开本: | 26cm | |
| 丛书名: | ||
| 单 册: | ||
| 中图分类: | TM77-39 | |
| 科图分类: | ||
| 主题词: | 微型计算机--wei xing ji suan ji--计算机应用--电力系统--继电保护 | |
| 电子资源: | ||
| ISBN: | 978-7-5084-5602-7 | |
| 000 | 01051nam0 2200265 450 | |
| 001 | 0100178469 | |
| 005 | 20181219081509.15 | |
| 010 | @a978-7-5084-5602-7@dCNY36.00 | |
| 100 | @a20130905d2008 em y0chiy50 ea | |
| 101 | 0 | @achi |
| 102 | @aCN@b110000 | |
| 105 | @aak a 000yy | |
| 200 | 1 | @a电力系统微机继电保护@Adian li xi tong wei ji ji dian bao hu@f许建安编著@Fxu jian an bian zhu |
| 205 | @a第2版 | |
| 210 | @a北京@c中国水利水电出版社@d2008.07 | |
| 215 | @a256页@c图@d26cm | |
| 320 | @a有书目 (第256页) | |
| 330 | @a本书共10章, 主要内容有: 微机继电保护的硬件原理, 离散信号分析, 微机继电保护的软件原理, 输电线路保护程序逻辑原理, 输电线路距离保护, 反应故障分量的微机线路保护, 电力变压器微机保护, 发电机微机纵差保护, 微机继电保护新技术, 微机继电保护装置运行管理, 检验及使用等。 | |
| 540 | @a电力系统微机继电保护 | |
| 606 | 0 | @a微型计算机@Awei xing ji suan ji@x计算机应用@x电力系统@x继电保护 |
| 690 | @aTM77-39@v5 | |
| 701 | 0 | @a许建安@Axu jian an@4编著 |
| 801 | @aCN | |
| 901 | @a2000 | |
| 905 | @a241430@b1114583-5@dTM77-39@eX870@f3 | |
| 电力系统微机继电保护/许建安编著.-第2版.-北京:中国水利水电出版社,2008.07 |
| 256页:图;26cm |
| ISBN 978-7-5084-5602-7:CNY36.00 |
| 本书共10章, 主要内容有: 微机继电保护的硬件原理, 离散信号分析, 微机继电保护的软件原理, 输电线路保护程序逻辑原理, 输电线路距离保护, 反应故障分量的微机线路保护, 电力变压器微机保护, 发电机微机纵差保护, 微机继电保护新技术, 微机继电保护装置运行管理, 检验及使用等。 |
| ● |
| 相关链接 |
|
|
|
正题名:电力系统微机继电保护
索取号:TM77-39/X870
 
预约/预借
| 序号 | 登录号 | 条形码 | 馆藏地/架位号 | 状态 | 备注 |
| 1 | 1114583 | 211145839 | 自科二线404/404自科库 13排6列1层/ [索取号:TM77-39/X870] | 在馆 | |
| 2 | 1114584 | 211145848 | 自科库301/301自科库 19排3列4层/ [索取号:TM77-39/X870] | 在馆 | |
| 3 | 1114585 | 211145857 | 自科库301/301自科库 19排3列4层/ [索取号:TM77-39/X870] | 在馆 | |
| 4 | 1301345 | 213013451 | 自科库301/301自科库 19排3列4层/ [索取号:TM77-39/X870] | 在馆 |